000
00223nam a2200097 a 4500
005
20140414132006.0
008
110222s19uu xx 00 eng d
050
_a
DVD
_b
AL4
245
_a
Alice in Wonderland.
999
_c
113177
_d
113177